Tratado de derecho civil del acto jurídico.

Gorde:
Xehetasun bibliografikoak
Egile nagusia: Rivera Restrepo, José Maximiliano (autor)
Formatua: Ezezaguna
Hizkuntza:ingelesa
Argitaratua: Santiago, Chile: Thomson Reuters, 2023.
Edizioa:1ª edición.
Gaiak:
Etiketak: Etiketa erantsi
Etiketarik gabe, Izan zaitez lehena erregistro honi etiketa jartzen!

MARC

LEADER 00000 a2200000 4500
003 CL-VaPUC
005 20240124112742.0
008 240116t2023 ||||| |||| 00| 0 eng d
999 |c 442965  |d 442963 
020 |a 978-956-400-421-1 
040 |c Pontificia Universidad Católica de Valparaíso 
082 |2 22  |a 346.013 RIV 2023 
100 |a Rivera Restrepo, José Maximiliano   |9 859429  |e autor 
245 |a Tratado de derecho civil del acto jurídico.  
250 |a 1ª edición. 
260 |a Santiago, Chile:   |b Thomson Reuters,  |c 2023. 
300 |a XXXIV, 1048 páginas. 
583 |k GC  |c 20240116 
650 0 |9 255013  |a Derecho civil  |x Acto jurídico  |z Chile   |z España  |z América Latina  
650 0 |a Derecho civil  |x Capacidad de las personas   |z Chile   |9 887203 
942 |2 ddc  |c BK 
952 |0 0  |1 0  |2 ddc  |4 0  |6 346_013000000000000_RIV_2023  |7 0  |8 A  |9 593352  |a BIBDER  |b BIBDER  |d 2024-01-12  |e 31  |g 0.00  |i 5660171  |l 7  |m 5  |o 346.013 RIV 2023  |p 5660171  |r 2025-05-02  |s 2025-04-07  |t 1  |v 0.00  |w 2024-01-12  |y BK  |k DER